John Pork Universe Quiz - Statistics

General Stats
  • This quiz has been taken 446 times
  • The average score is 2 of 5
Answer Stats
Question Answer % Correct
Who killed John Pork? Tim Cheese
98%
Why did he killed him? For Cheating
63%
Who Shot Marvin Beak? Simon Claw
31%
Who kidnapped Jim Pork? Justin Cheddar
25%
Who killed Simon Claw? Pengu
14%
No matching quizzes found
Score Distribution
Percent of People with Each Score
Percentile by Number Answered
Your Score History
You have not taken this quiz